Country Names in their Official Languages #2 - Statistics

General Stats
  • This quiz has been taken 19 times
  • The average score is 11 of 15
Answer Stats
Question Answer % Correct
Hayastan Armenian
100%
Viti Fijian
100%
Yīsrāʾēl Hebrew
100%
Lëtzebuerg Luxembourgish
100%
Severna Makedonija Macedonian
100%
Svizra Romansh
100%
Sesel Seychellois Creole
100%
Pilipinas Tagalog
100%
Oʻzbekiston Uzbek
100%
Lietuva Lithuanian
50%
Aotearoa Māori
50%
Ukrayina Ukrainian
50%
Zhōngguó Chinese
0%
Tchad French
0%
Êraq Kurdish
0%
No matching quizzes found
Score Distribution
Percent of People with Each Score
Percentile by Number Answered
Your Score History
You have not taken this quiz